| 000 | 00622nam a22002177a 4500 | ||
|---|---|---|---|
| 005 | 20251108164056.0 | ||
| 008 | 250721s1996 xx 000 0 ara d | ||
| 082 | 1 | 4 | _a216,9/نظا |
| 100 | 1 | _aالسرطاوي...، محمود علي | |
| 245 | 1 | 0 | _aنظام الإسلام / |
| 264 | 1 |
_aعمان : _c1996. |
|
| 300 | _a412ص | ||
| 650 | 1 | 7 | _aالإسلام |
| 650 | 1 | 7 | _aالعقوبات |
| 650 | 1 | 7 | _aالأحكام السلطانية |
| 650 | 1 | 7 | _aالفقه الإسلامي |
| 650 | 1 | 7 | _aالشريعة الإسلامية |
| 650 | 1 | 7 | _aالإقتصاد الإسلامي |
| 942 |
_2ddc _cBK |
||
| 999 |
_c2975 _d2975 |
||